Normal view
MARC view
Entry Topical Term
001 - CONTROL NUMBER
- control field: 45214
003 - CONTROL NUMBER IDENTIFIER
- control field: dpl
005 - DATE AND TIME OF LATEST TRANSACTION
- control field: 20120417123531.0
008 - FIXED-LENGTH DATA ELEMENTS
- fixed length control field: 120417|||a|||||| | ||| d
040 ## - CATALOGING SOURCE
- Original cataloging agency: dpl
- Transcribing agency: dpl
150 ## - HEADING--TOPICAL TERM
- Topical term or geographic name as entry element: Neural networks (Computer science)
670 ## - SOURCE DATA FOUND
- Source citation: Work cat.: (dpl)65096: Naga Bhaskar, C. 45189, Neural network and fuzzy logic /, 2011
670 ## - SOURCE DATA FOUND
- Source citation: Work cat.: (dpl)65096: Naga Bhaskar, C. 45189, Neural network and fuzzy logic /, 2011
